| 000 | 00328nam a2200133Ia 4500 | ||
|---|---|---|---|
| 005 | 20260328101451.0 | ||
| 008 | 260328s9999||||xx |||||||||||||| ||und|| | ||
| 100 | _aCalver, Giles | ||
| 245 | 0 |
_aWhat is Packaging Design? / _cGiles Calver |
|
| 260 | _bRoto Vision | ||
| 300 | _a255 p. | ||
| 650 | _aDISEÑO INDUSTRIAL | ||
| 942 | _cBK | ||
| 999 |
_c8665 _d8665 |
||